LIBRARY & INFORMATION CENTRE, KCAET, TAVANUR

ONLINE PUBLIC ACCESS CATALOGUE (OPAC)

Normal view MARC view
  • Dr. sudheer K.P (Guide)

Entry Personal Name

Number of records used in: 1

001 - CONTROL NUMBER

  • control field: 3866

003 - CONTROL NUMBER IDENTIFIER

  • control field: OSt

005 - DATE AND TIME OF LATEST TRANSACTION

  • control field: 20181105104744.0

008 - FIXED-LENGTH DATA ELEMENTS

  • fixed length control field: 181105|| aca||aabn | a|a d

040 ## - CATALOGING SOURCE

  • Original cataloging agency: OSt
  • Transcribing agency: OSt

100 ## - HEADING--PERSONAL NAME

  • Personal name: Dr. sudheer K.P (Guide)

670 ## - SOURCE DATA FOUND

  • Source citation: Work cat.: (OSt)14986: ATHIRA A.S CINU VARGHESE HARITHA MOHANAN 3865, Performance and evaluation of modified rotary banana slicer
free website counter